<?xml version="1.0" encoding="UTF-8"?>
<marc:record xmlns:marc="http://www.loc.gov/MARC21/slim">
   <marc:leader>00000nam a2200000 a 4500</marc:leader>
   <marc:datafield ind1="0" ind2="0" tag="245">
      <marc:subfield code="a">Ravensburger Lernspiel tiptoi Starter-Set mit Stift und Buch - 00506 / Erkunde spielerisch und interaktiv die 4 Jahreszeiten </marc:subfield>
   </marc:datafield>
   <marc:datafield ind1="0" ind2="0" tag="245">
      <marc:subfield code="b">Starter Set</marc:subfield>
   </marc:datafield>
   <marc:datafield ind1=" " ind2="1" tag="264">
      <marc:subfield code="b">Ravensburger Buchverl.</marc:subfield>
      <marc:subfield code="c">998</marc:subfield>
   </marc:datafield>
   <marc:datafield ind1="1" ind2=" " tag="520">
      <marc:subfield code="a">Das interaktive Lernspiel für selbstständige Entdecker: Mit dem tiptoi Stift werden die vier Jahreszeiten lebendig und Lernen nicht nur spannend und abwechslungsreich, sondern auch zum Kindersp
Warum werden Blätter bunt? Was zwitschert da im Frühling? Mehr als 1300 lebensechte Geräusche, Sachtexte und Dialoge vermitteln Wissen über Frühling, Sommer, Herbst und Winter auf neue Art und Weise
Egal ob Kindergarten, Vor- oder Grundschule - tiptoi ist für Kinder von 4-7 Jahren das ideale Geschenk zum Geburtstag, zu Weihnachten oder andere Anlässe. Hier ist für jeden das passende Thema dabei!
Mit dem robusten und gut in der Hand liegenden tiptoi Stift lassen sich nicht nur neue Welten entdecken, sondern auch dank Musikplayer herunterladbare Kinderlieder und Hörbücher abspielen
    Inhalt: 1xtiptoi Stift mit Player, 1xBuch "Wieso? Weshalb? Warum? Unsere Jahreszeiten", 1xVerbindungskabel, 1xStandfuß/2 Hörbücher &amp; 2 Lieder sind auf dem Stift mit Player vorinstalliert/excl. Batterien
</marc:subfield>
   </marc:datafield>
   <marc:datafield ind1="3" ind2=" " tag="024">
      <marc:subfield code="a">4005556005062</marc:subfield>
   </marc:datafield>
</marc:record>
